|
|
|
|
| LEADER |
00000ncm a2200000 4500 |
| 001 |
vtls012229651 |
| 003 |
SK-MaSNL |
| 005 |
20260301232013.0 |
| 007 |
qu |
| 008 |
230516s2021 xo sgz g slo |
| 015 |
|
|
|a SNBH2025
|
| 024 |
2 |
|
|a 9788081291227 (viazané)
|
| 040 |
|
|
|a SNK
|b slo
|c SNK
|e rda
|
| 041 |
0 |
|
|a slo
|
| 043 |
|
|
|a e-xo---
|
| 044 |
|
|
|a xo
|c SK
|
| 048 |
|
|
|a vn01
|
| 072 |
|
7 |
|a 784
|x Vokálna hudba
|2 konspekt
|
| 080 |
|
|
|a 784.3/.7(=161)
|2 2011
|
| 080 |
|
|
|a 784.4.011.26
|2 2011
|
| 080 |
|
|
|a (0:82-192)
|2 2011
|
| 080 |
|
|
|a 785.16.071
|2 2011
|
| 100 |
1 |
|
|a Kompraščík, Ján
|4 aut
|4 cmp
|9 624971
|
| 245 |
1 |
1 |
|a "Na ňaňovym poľu"
|h hudobnina
|b notované texty autorských piesni Janka Krompaščíka z Čirča
|c Ján Krompaščík
|
| 250 |
|
|
|a Vydanie prvé
|
| 264 |
|
1 |
|a [Košice]
|b TypoPress - tlačiareň s.r.o.
|c [2021]
|
| 300 |
|
|
|a 195 strán
|b fotografie
|c 30 cm
|
| 336 |
|
|
|a text
|b txt
|2 rdacontent
|
| 336 |
|
|
|a zápis hudby
|b ntm
|2 rdacontent
|
| 337 |
|
|
|a bez média
|b n
|2 rdamedia
|
| 338 |
|
|
|a zväzok
|b nc
|2 rdacarrier
|
| 382 |
|
|
|a spev
|
| 500 |
|
|
|a Miesto a rok vydania podľa NA ISBN
|
| 650 |
0 |
7 |
|a rusínske piesne
|2 SNKPH
|9 327398
|
| 650 |
0 |
7 |
|a populárne piesne
|2 SNKPH
|9 3446
|
| 650 |
0 |
7 |
|a Ruthenian songs
|2 SNKPHeng
|9 327399
|
| 650 |
0 |
7 |
|a Popular songs
|2 SNKPHeng
|9 240063
|
| 650 |
0 |
7 |
|a hudobné skupiny
|2 SNKPH
|9 3429
|
| 650 |
0 |
7 |
|a Musical groups
|2 SNKPHeng
|9 295019
|
| 655 |
|
7 |
|a spevníky
|2 SNKPH
|9 70506
|
| 655 |
|
7 |
|a piesňové texty
|2 SNKPH
|9 70532
|
| 655 |
|
7 |
|a Songbooks
|2 SNKPHeng
|9 288744
|
| 655 |
|
7 |
|a Song texts
|2 SNKPHeng
|9 358236
|
| 852 |
|
|
|a Slovenská národná knižnica
|
| 919 |
|
|
|a 978-80-8129-122-7
|
| 999 |
|
|
|c 960139
|d 962069
|
| 952 |
|
|
|a SNK
|b SNK
|y PREZ
|7 0
|p 17A1529303
|o snkHSB 4808
|i snk2023/7762
|8 0
|0 0
|1 0
|4 0
|d 2023-05-16
|l 0
|r 2026-02-24 10:16:37
|w 2026-02-24
|